00379nam a2200145Ia 4500008004100000020001500041041001200056082001100068100001800079245006600097260003300163300000800196650000700204700002200211221030s9999 xx 000 0 und d a9380016405 aEnglish a105.23 aM. C. Trivedi 0aSystem Analysis & Designcby M. C. Trivedi, S. S. Sarangdevot bKhanna Pub.aNew Delhic2010 a230 aIT aS. S. Sarangdevot